[Event "Reykjavik Open 2015"]
[Site "Reykjavik ISL"]
[Date "2015.03.11"]
[Round "3.20"]
[White "Gulamali, Kazim"]
[Black "Colovic, Aleksandar"]
[Result "1/2-1/2"]
[WhiteTitle "FM"]
[BlackTitle "GM"]
[WhiteElo "2350"]
[BlackElo "2482"]
[WhiteFideId "2024764"]
[BlackFideId "15000729"]
[EventDate "2015.03.10"]

1. e4 e5 2. Nf3 Nc6 3. Bb5 Nf6 4. d3 Bc5 5. c3 O-O 6. O-O d5 7. Qe2 Re8 8. Bg5
dxe4 9. dxe4 h6 10. Rd1 Qe7 11. Bxc6 bxc6 12. Bxf6 Qxf6 13. b4 Bb6 14. Nbd2 a5
15. a3 Ba6 16. c4 Qe6 17. b5 Bb7 18. a4 Bd4 19. Ra3 c5 20. Nh4 g6 21. Rg3 Kh7
22. Nb3 Rg8 23. Nf3 Rgd8 24. Nfxd4 cxd4 25. Nc5 Qb6 26. Nd3 Qe6 27. Nc5 Qb6 28.
Nd3 Qe6 29. Nc5 1/2-1/2

[Event "Reykjavik Open 2015"]
[Site "Reykjavik ISL"]
[Date "2015.03.11"]
[Round "3.21"]
[White "Thorgeirsson, Jon Kristinn"]
[Black "Georgiadis, Nico"]
[Result "0-1"]
[BlackTitle "IM"]
[WhiteElo "2177"]
[BlackElo "2468"]
[WhiteFideId "2307731"]
[BlackFideId "1300113"]
[EventDate "2015.03.10"]

1. d4 Nf6 2. c4 c5 3. d5 b5 4. cxb5 a6 5. b6 d6 6. Nc3 Nbd7 7. a4 Qxb6 8. a5 Qb7
9. Nf3 g6 10. g3 Bg7 11. Bg2 O-O 12. h3 Ne8 13. O-O Nc7 14. e3 Rb8 15. Nd2 Nb5
16. Qc2 Qc7 17. Nc4 Ne5 18. Nd2 Bf5 19. e4 Nd4 20. Qb1 Bc8 21. f4 Nd7 22. Qd3
Rb4 23. Nc4 Bb7 24. Kh2 Rb8 25. Na4 Nb3 26. Ra3 Nxa5 27. Nxa5 Qxa5 28. Bd2 Qb5
29. Qc2 Bxb2 30. Bxb4 cxb4 31. Rb3 Bg7 32. Nb2 Rc8 33. Qb1 a5 34. Re1 Bc3 35.
Bf1 Qb6 36. Re2 Nc5 37. Nc4 Qa7 38. Rxc3 bxc3 39. Qa1 Nxe4 40. Qa4 Bxd5 41. Ne3
c2 0-1

[Event "Reykjavik Open 2015"]
[Site "Reykjavik ISL"]
[Date "2015.03.11"]
[Round "3.22"]
[White "Einarsson, Halldor Gretar"]
[Black "Melkumyan, Hrant"]
[Result "0-1"]
[WhiteTitle "FM"]
[BlackTitle "GM"]
[WhiteElo "2166"]
[BlackElo "2676"]
[WhiteFideId "2300150"]
[BlackFideId "13302485"]
[EventDate "2015.03.10"]

1. d4 Nf6 2. c4 g6 3. f3 Nc6 4. d5 Ne5 5. e4 d6 6. Nc3 Bg7 7. f4 Ned7 8. Nh3 O-O
9. Be2 Nc5 10. Nf2 Re8 11. O-O e5 12. dxe6 Bxe6 13. g4 Bd7 14. Bf3 Bc6 15. Qc2
a5 16. Bd2 Nfd7 17. Nd5 Ne6 18. Bg2 Qh4 19. e5 dxe5 20. f5 Nd4 21. Qd1 Bxd5 22.
Bxd5 c6 23. fxg6 cxd5 24. gxf7+ Kxf7 25. Bg5 Qxg5 26. Ne4+ Qf4 27. Rxf4+ exf4
28. Nd6+ Kg8 29. Nxe8 Rxe8 30. Qa4 Nf3+ 31. Kg2 Nfe5 32. Rd1 f3+ 33. Kg3 Rf8 34.
Qxa5 Nf6 35. g5 Nxc4 36. Qb5 Ne4+ 37. Kh4 Ne3 38. Rc1 f2 39. Qd3 Rf4+ 40. Kh5
Rf3 0-1

[Event "Reykjavik Open 2015"]
[Site "Reykjavik ISL"]
[Date "2015.03.11"]
[Round "3.23"]
[White "Cummings, David H."]
[Black "Hammer, Jon Ludvig"]
[Result "1/2-1/2"]
[WhiteTitle "IM"]
[BlackTitle "GM"]
[WhiteElo "2345"]
[BlackElo "2651"]
[WhiteFideId "2603578"]
[BlackFideId "1503707"]
[EventDate "2015.03.10"]

1. d4 Nf6 2. c4 e6 3. Nc3 Bb4 4. e3 O-O 5. Ne2 d5 6. a3 Be7 7. cxd5 exd5 8. Nf4
Re8 9. Bd3 c6 10. O-O Nbd7 11. f3 Nf8 12. Bc2 Ne6 13. e4 dxe4 14. Nxe6 Bxe6 15.
fxe4 c5 16. d5 Bg4 17. Qd3 Bd6 18. Bf4 Bxf4 19. Rxf4 Qb6 20. Qb5 Qd6 21. Raf1
Bd7 22. Qd3 Re5 23. Ne2 Rae8 24. Ng3 b5 25. Kh1 Kf8 26. Qc3 Rg5 27. Qd2 Qe5 28.
Bb1 Kg8 29. Qf2 Rc8 30. Kg1 a5 31. Nf5 Bxf5 32. Rxf5 Rxf5 33. Qxf5 Re8 34. Qxe5
Rxe5 35. Rc1 Nd7 36. a4 bxa4 37. Rc4 Re8 38. Rxa4 Ra8 39. Bd3 Nb6 40. Ra3 c4 41.
Be2 a4 42. Rc3 Kf8 43. d6 Rd8 44. e5 Rc8 45. d7 Nxd7 46. Rxc4 Rb8 47. Rxa4 Rxb2
48. Re4 Ke7 49. Kf1 g6 50. Bg4 Nb6 51. h4 Nd5 52. h5 Rb4 53. Rxb4 Nxb4 54. hxg6
hxg6 55. Ke2 Nc6 56. Ke3 Nxe5 57. Be2 Kf6 58. g3 Kf5 59. Bd1 Nc4+ 60. Kf3 Ke5
61. Bc2 g5 62. Bd3 Nb6 63. Bb1 Nc8 64. Ba2 Nd6 65. Kg4 f6 66. Kf3 Nf5 67. Bb1
Ne7 68. Ba2 Nc6 69. Bb1 Nb4 70. Ke3 f5 71. Kf3 g4+ 72. Kf2 Na6 73. Ba2 Nc5 74.
Bf7 Ne4+ 75. Kg2 f4 76. gxf4+ Kxf4 1/2-1/2

[Event "Reykjavik Open 2015"]
[Site "Reykjavik ISL"]
[Date "2015.03.11"]
[Round "3.24"]
[White "Granda Zuniga, Julio E"]
[Black "Haug, Johannes"]
[Result "1-0"]
[WhiteTitle "GM"]
[BlackTitle "FM"]
[WhiteElo "2646"]
[BlackElo "2339"]
[WhiteFideId "3800024"]
[BlackFideId "1509268"]
[EventDate "2015.03.10"]

1. Nf3 Nf6 2. b3 b6 3. Bb2 Bb7 4. e3 e6 5. c4 c5 6. Be2 Be7 7. O-O O-O 8. d4 d5
9. cxd5 Nxd5 10. dxc5 Bxc5 11. Nbd2 Nd7 12. Qb1 Bb4 13. Rc1 Rc8 14. Nc4 b5 15.
a3 Be7 16. Nce5 a6 17. a4 Rxc1+ 18. Qxc1 Nc5 19. Nd4 Qc7 20. axb5 Qxe5 21. bxa6
Ba8 22. Nc6 Qg5 23. h4 Qg6 24. h5 Qg5 25. Nxe7+ Nxe7 26. e4 Qxc1+ 27. Rxc1 Nxb3
28. Rc7 Nc6 29. f3 Rd8 30. Bc4 Nbd4 31. Ba3 h6 32. Bc5 Ne5 33. Bxd4 Rxd4 34.
Rc8+ Kh7 35. Bb5 Rb4 36. Be8 Rb6 37. Rxa8 g5 38. hxg6+ Kxg6 39. a7 Ra6 40. Bxf7+
Kxf7 41. Rh8 Kg7 42. a8=Q Rxa8 43. Rxa8 Nd3 44. g3 Kf6 45. Ra3 Ne5 46. Kg2 Ng6
47. f4 e5 48. Ra6+ Kg7 49. f5 Nf8 50. Kh3 Nh7 51. Kg4 Nf6+ 52. Rxf6 Kxf6 53. Kh5
Kg7 54. g4 Kh7 55. f6 1-0

[Event "Reykjavik Open 2015"]
[Site "Reykjavik ISL"]
[Date "2015.03.11"]
[Round "3.25"]
[White "Naroditsky, Daniel"]
[Black "Edvardsson, Kristjan"]
[Result "1-0"]
[WhiteTitle "GM"]
[WhiteElo "2633"]
[BlackElo "2176"]
[WhiteFideId "2026961"]
[BlackFideId "2300893"]
[EventDate "2015.03.10"]

1. e4 d6 2. d4 Nf6 3. Nc3 g6 4. f4 Bg7 5. Nf3 c5 6. dxc5 Qa5 7. Qd4 dxc5 8. Qc4
O-O 9. e5 Be6 10. Qa4 Qxa4 11. Nxa4 Nfd7 12. Be3 b6 13. Bd3 Nc6 14. Be4 Rac8 15.
Ng5 Bf5 16. Bxf5 gxf5 17. O-O-O Ndb8 18. e6 fxe6 19. Nxe6 Rf6 20. Nxg7 Kxg7 21.
Nc3 Re6 22. Bf2 Rd8 23. Rxd8 Nxd8 24. Rd1 Ndc6 25. Rd5 Rg6 26. g3 e6 27. Rd1 e5
28. fxe5 Nxe5 29. Be3 Nbc6 30. Bf4 Re6 31. Nb5 Ng6 32. Bd2 Re2 33. Bc3+ Kf7 34.
Rd6 Nge5 35. Rh6 Rf2 36. b3 a6 37. Nd6+ Ke7 38. Nc8+ Kf7 39. Nxb6 Nd4 40. Bxd4
cxd4 41. Nc4 Ng4 42. Rxa6 Ne3 43. Ne5+ Kg7 44. Rc6 Rxh2 45. a4 Rg2 46. a5 Rxg3
47. a6 Rg1+ 48. Kb2 Nd1+ 49. Ka2 1-0

[Event "Reykjavik Open 2015"]
[Site "Reykjavik ISL"]
[Date "2015.03.11"]
[Round "3.26"]
[White "Stefansson, Hannes"]
[Black "Ni, Shiqun"]
[Result "1-0"]
[WhiteTitle "GM"]
[BlackTitle "WIM"]
[WhiteElo "2560"]
[BlackElo "2315"]
[WhiteFideId "2300087"]
[BlackFideId "8608466"]
[EventDate "2015.03.10"]

1. Nf3 Nf6 2. c4 g6 3. Nc3 d5 4. cxd5 Nxd5 5. Qa4+ Nc6 6. Ne5 Qd6 7. Nxc6 Qxc6
8. Qxc6+ bxc6 9. g3 Be6 10. Bg2 O-O-O 11. d3 Nxc3 12. bxc3 Bg7 13. Bd2 Kd7 14.
Kd1 Rb8 15. Kc2 Rb5 16. Rhb1 Rhb8 17. Rxb5 cxb5 18. Be3 b4 19. Bxa7 Bxc3 20. Rb1
Rb5 21. a3 Ba2 22. axb4 Bxb1+ 23. Kxc3 Ba2 24. d4 f5 25. Bc5 e6 26. e4 fxe4 27.
Bxe4 Bd5 28. Bd3 Rb8 29. h4 Bf3 30. Kd2 Bg4 31. Bc4 Ra8 32. Ke3 Ra3+ 33. Kf4 Bf5
34. d5 exd5 35. Bxd5 Be6 36. Be4 Ke8 37. Kg5 Kf7 38. h5 Bf5 39. Bd5+ Be6 40. Be4
Bf5 41. Bxf5 gxf5 42. Kxf5 Rd3 43. g4 Rd5+ 44. Ke4 Ke6 45. f4 Rd1 46. f5+ Kf6
47. Be3 Rh1 48. g5+ Kf7 49. g6+ Kg8 50. h6 Rh4+ 51. Bf4 c6 52. Kf3 Rh3+ 53. Kg4
Rd3 54. Be5 Rd1 55. Kg5 Rh1 56. Bd4 Rh2 57. Be3 Rg2+ 58. Kf6 Rg4 59. Bc5 Rh4 60.
gxh7+ Kxh7 61. Kf7 Rxh6 62. f6 Rh4 63. Ke8 Re4+ 64. Be7 Kg6 65. f7 1-0

[Event "Reykjavik Open 2015"]
[Site "Reykjavik ISL"]
[Date "2015.03.11"]
[Round "3.27"]
[White "Rosner, Jonas"]
[Black "Grover, Sahaj"]
[Result "1/2-1/2"]
[WhiteTitle "FM"]
[BlackTitle "GM"]
[WhiteElo "2324"]
[BlackElo "2519"]
[WhiteFideId "24608513"]
[BlackFideId "5021103"]
[EventDate "2015.03.10"]

1. e4 e5 2. Nf3 Nc6 3. Bb5 a6 4. Bxc6 dxc6 5. O-O Qf6 6. d4 exd4 7. Bg5 Qd6 8.
Nxd4 f6 9. Be3 c5 10. Ne2 Be6 11. Nbc3 O-O-O 12. Qxd6 Bxd6 13. Bf4 Ne7 14. Rad1
Bxf4 15. Nxf4 Bc4 16. Rfe1 Nc6 17. Nfd5 Nd4 18. Ne3 Bf7 19. f3 Rhe8 20. Kf2 b6
21. Rd2 Rd7 22. Red1 Red8 23. a3 c6 24. h4 b5 25. Ne2 Bg8 26. h5 a5 27. c3 Nb3
28. Rxd7 Rxd7 29. Rxd7 Kxd7 30. Ke1 Bf7 31. g4 c4 32. Kd1 Nc5 33. Nc1 g6 34.
hxg6 hxg6 35. Kd2 Kd6 36. Nd1 Ke5 37. Ke3 g5 38. Nf2 Be6 39. Ne2 Na4 40. Nd1 Bd7
41. Nc1 c5 42. Ne2 b4 43. Kd2 Be6 44. Kc1 Nb6 45. Kd2 Kd6 46. Ne3 Nd7 47. Nc1
bxa3 48. bxa3 Kc6 49. Nd1 Ne5 50. Ke3 Nf7 51. Nb2 Nd6 1/2-1/2

[Event "Reykjavik Open 2015"]
[Site "Reykjavik ISL"]
[Date "2015.03.11"]
[Round "3.28"]
[White "Mamedjarova, Zeinab"]
[Black "Pakleza, Zbigniew"]
[Result "0-1"]
[WhiteTitle "WGM"]
[BlackTitle "GM"]
[WhiteElo "2303"]
[BlackElo "2498"]
[WhiteFideId "13401521"]
[BlackFideId "1119290"]
[EventDate "2015.03.10"]

1. d4 d5 2. c4 c6 3. cxd5 cxd5 4. Nc3 Nf6 5. Bf4 Nc6 6. e3 a6 7. Bd3 e6 8. Nf3
Bd6 9. Bg3 O-O 10. Rc1 Qe7 11. O-O Bxg3 12. hxg3 Bd7 13. Na4 Rfd8 14. Nc5 Be8
15. a3 Rab8 16. Rc3 g6 17. Bb1 Ng4 18. Nd2 Qg5 19. f4 Qh5 20. Nf3 Ne7 21. Re1
Bc6 22. Bd3 Bb5 23. Bb1 b6 24. Nb3 Nc8 25. Nbd2 Nd6 26. a4 Be8 27. Nf1 Nf6 28.
Bd3 b5 29. Be2 Nfe4 30. Rc2 bxa4 31. Ng5 Qh6 32. Nxe4 Nxe4 33. Bxa6 Qf8 34. Bd3
Nd6 35. Nd2 Rb6 36. Qa1 Rdb8 37. Rec1 Qe7 38. Rc7 Qd8 39. R7c2 R8b7 40. Qa3 Rb3
41. Nxb3 Rxb3 42. Qa1 Rxd3 43. Rc3 Rd2 44. b3 a3 45. Rc5 Nb5 46. Rc8 Qe7 47. Ra8
Kg7 48. Rcc8 Nd6 49. Rcb8 Qc7 0-1

[Event "Reykjavik Open 2015"]
[Site "Reykjavik ISL"]
[Date "2015.03.11"]
[Round "3.29"]
[White "Wahedi, Ahmad Siar"]
[Black "Kristjansson, Stefan"]
[Result "0-1"]
[WhiteTitle "FM"]
[BlackTitle "GM"]
[WhiteElo "2287"]
[BlackElo "2482"]
[WhiteFideId "4651260"]
[BlackFideId "2301172"]
[EventDate "2015.03.10"]

1. e4 c5 2. a3 g6 3. h4 h5 4. Bc4 Bg7 5. d3 e6 6. Nc3 Ne7 7. Nge2 Nbc6 8. Ba2 d6
9. Bf4 a6 10. Qd2 b5 11. O-O Nd4 12. Bg5 Qb6 13. Nxd4 cxd4 14. Ne2 Nc6 15. Rae1
Bd7 16. f4 f6 17. f5 gxf5 18. exf5 e5 19. Nf4 Ne7 20. Ne6 Bxe6 21. Bxe6 Ra7 22.
Qe2 Rc7 23. Bc1 Qc6 24. Rf2 Kf8 25. g4 hxg4 26. Qxg4 Nd5 27. Rg2 Ne3 28. Rxe3
dxe3 29. Bxe3 Qe8 30. Qb4 Qc6 31. Qg4 Qe8 32. Bb6 Re7 33. Bf2 Qh5 34. Qb4 Qd1+
35. Kh2 Bh6 36. Rg6 Qf1 37. Kg3 Qh1 38. Rxf6+ Ke8 39. Rxh6 Rxh6 40. Qg4 Rexe6
41. fxe6 Rf6 42. d4 exd4 43. h5 Ke7 44. Bxd4 Qe1+ 45. Kh2 Rxe6 46. Qg7+ Ke8 47.
Qg8+ Kd7 48. Qf7+ Re7 49. Qf5+ Kc7 50. Kg2 Qd2+ 51. Bf2 Rg7+ 52. Kh3 Qc1 53. Qf3
Qxb2 54. h6 Rh7 55. Qe3 Qxc2 56. Qa7+ Kd8 57. Bh4+ Ke8 58. Qb8+ Kd7 59. Qd8+ Ke6
60. Qf6+ Kd5 61. Bg3 Rd7 62. Qf8 Qg6 63. Qf3+ Qe4 64. Qc3 Qe6+ 65. Kg2 Qe4+ 66.
Kh3 Re7 67. Qd2+ Ke6 68. Qxd6+ Kf7 69. Bf4 Qe6+ 70. Kh4 Qxd6 71. Bxd6 Rd7 72.
Be5 Kg6 73. Bg7 Rd3 74. Bf8 Rf3 0-1

[Event "Reykjavik Open 2015"]
[Site "Reykjavik ISL"]
[Date "2015.03.11"]
[Round "3.30"]
[White "Galego, Luis"]
[Black "Brzezinski, Adam"]
[Result "1/2-1/2"]
[WhiteTitle "GM"]
[WhiteElo "2461"]
[BlackElo "2150"]
[WhiteFideId "1900072"]
[BlackFideId "1710460"]
[EventDate "2015.03.10"]

1. e4 e6 2. d4 d5 3. exd5 exd5 4. Nf3 Nc6 5. h3 Nf6 6. a3 Bd6 7. c4 dxc4 8. Bxc4
h6 9. O-O O-O 10. Nc3 a6 11. Re1 Bf5 12. d5 Ne7 13. Nd4 Bg6 14. Ba2 Qd7 15. Be3
Rfe8 16. Qd2 Nf5 17. Nxf5 Bxf5 18. f3 Re7 19. g4 Bg6 20. Bd4 h5 21. Rxe7 Bxe7
22. Rd1 hxg4 23. hxg4 Nh7 24. Kg2 Bd6 25. Re1 Re8 26. Rxe8+ Qxe8 27. Qe2 Qd8 28.
Ne4 Bf4 29. Qe1 Nf8 30. Nc5 Qc8 31. Qc3 Qe8 32. Bc4 b5 33. Bf1 Qd8 34. Nd3 Bxd3
35. Bxd3 Qxd5 36. Bxg7 Ne6 37. Bf6 Bd6 38. Bc2 Nf4+ 39. Kf1 c5 40. b4 c4 41. Qe3
Qe6 42. Bd4 Qh6 43. Qe8+ Bf8 44. Qe4 Qh1+ 45. Kf2 Qg2+ 46. Ke1 Qh1+ 47. Kf2 Qg2+
48. Ke1 Qh1+ 49. Kd2 Qh2+ 50. Ke1 Qh1+ 1/2-1/2

[Event "Reykjavik Open 2015"]
[Site "Reykjavik ISL"]
[Date "2015.03.11"]
[Round "3.31"]
[White "Akesson, Ralf"]
[Black "Halldorsson, Jon Arni"]
[Result "1-0"]
[WhiteTitle "GM"]
[WhiteElo "2456"]
[BlackElo "2150"]
[WhiteFideId "1700120"]
[BlackFideId "2301075"]
[EventDate "2015.03.10"]

1. d4 d5 2. c4 c6 3. Nc3 Nf6 4. e3 e6 5. Nf3 a6 6. Qc2 b5 7. b3 Nbd7 8. Bd3 Be7
9. O-O O-O 10. Ne5 Qc7 11. Bb2 bxc4 12. bxc4 dxc4 13. Nxc4 c5 14. Ne4 cxd4 15.
Bxd4 h6 16. Rab1 Bb7 17. Rfc1 Nxe4 18. Bxe4 Rab8 19. Ne5 Qxc2 20. Bxc2 Rfd8 21.
Nxd7 Rxd7 22. f3 Bd6 23. Ba4 Re7 24. Rb6 Bc7 25. Rb3 Rd8 26. Rxb7 Bxh2+ 27. Kxh2
Rxb7 28. Rc6 Rd5 29. Rc8+ Kh7 30. Bc2+ g6 31. Rh8# 1-0

[Event "Reykjavik Open 2015"]
[Site "Reykjavik ISL"]
[Date "2015.03.11"]
[Round "3.32"]
[White "Poley, Vladimir"]
[Black "Hamitevici, Vladimir"]
[Result "1-0"]
[WhiteTitle "IM"]
[BlackTitle "IM"]
[WhiteElo "2269"]
[BlackElo "2450"]
[WhiteFideId "13500090"]
[BlackFideId "13902393"]
[EventDate "2015.03.10"]

1. Nf3 Nf6 2. g3 d5 3. Bg2 c6 4. O-O Bf5 5. d3 h6 6. c4 dxc4 7. dxc4 Qxd1 8.
Rxd1 Nbd7 9. b3 g5 10. Bb2 Bg7 11. Nbd2 Bc2 12. Re1 Bh7 13. Nf1 Nh5 14. Bxg7
Nxg7 15. Ne3 O-O-O 16. Red1 a5 17. Ng4 h5 18. Nxg5 hxg4 19. Nxf7 Nc5 20. Nxd8
Rxd8 21. Rxd8+ Kxd8 22. f3 gxf3 23. exf3 Nf5 24. Rd1+ Ke8 25. Kf2 e5 26. Bf1 Ke7
27. h4 Nd4 28. g4 a4 29. b4 Nce6 30. Re1 Kd6 31. c5+ Kd5 32. h5 Nf4 33. Rd1 Bc2
34. Rd2 a3 35. h6 Bh7 36. Ke3 Ke6 37. Rxd4 exd4+ 38. Kxf4 Kd5 39. Kg5 d3 40.
Bxd3 Bxd3 41. Kf6 1-0

[Event "Reykjavik Open 2015"]
[Site "Reykjavik ISL"]
[Date "2015.03.11"]
[Round "3.33"]
[White "Barthel, Ansgar"]
[Black "Norowitz, Yaacov"]
[Result "0-1"]
[BlackTitle "IM"]
[WhiteElo "2230"]
[BlackElo "2422"]
[WhiteFideId "4643461"]
[BlackFideId "2024799"]
[EventDate "2015.03.10"]

1. e4 c6 2. d4 d5 3. Nc3 g6 4. Nf3 Bg4 5. h3 Bxf3 6. Qxf3 Nf6 7. exd5 Nxd5 8.
Nxd5 cxd5 9. Bb5+ Nc6 10. O-O e6 11. Bf4 Bg7 12. c3 Qb6 13. Bxc6+ Qxc6 14. Qe3
O-O 15. Bh6 b5 16. Bxg7 Kxg7 17. h4 f6 18. Rfe1 Rae8 19. Re2 a5 20. a3 Rf7 21.
Rae1 Rfe7 22. Qd2 Qc4 23. Re3 e5 24. h5 e4 25. hxg6 hxg6 26. Rh3 g5 27. Qd1 Rh8
28. Rxh8 Kxh8 29. Qh5+ Rh7 30. Qg6 Qc6 31. Re3 Qe6 32. Rh3 Rxh3 33. gxh3 e3 34.
fxe3 Qxe3+ 35. Kg2 Qe6 36. Kf2 a4 37. Kg3 Qe3+ 38. Kh2 Qf4+ 39. Kg2 Qe4+ 40.
Qxe4 dxe4 41. Kf2 f5 42. Ke3 Kg7 43. Ke2 f4 44. Kd2 Kf6 45. Ke2 e3 46. Kf3 Kf5
47. Ke2 Ke4 48. Ke1 f3 49. Kd1 Kd3 0-1

[Event "Reykjavik Open 2015"]
[Site "Reykjavik ISL"]
[Date "2015.03.11"]
[Round "3.34"]
[White "Rueger, Erhard"]
[Black "Thorfinnsson, Bjorn"]
[Result "0-1"]
[BlackTitle "IM"]
[WhiteElo "2133"]
[BlackElo "2403"]
[WhiteFideId "4609611"]
[BlackFideId "2300982"]
[EventDate "2015.03.10"]

1. Nf3 d5 2. g3 Nf6 3. Bg2 c6 4. d3 Bg4 5. O-O Nbd7 6. Nbd2 g6 7. b3 Bg7 8. Bb2
O-O 9. c4 Re8 10. Ne5 Nxe5 11. Bxe5 Qa5 12. a3 Rad8 13. b4 Qa6 14. h3 Be6 15.
Qc2 b6 16. a4 Qc8 17. cxd5 Bxd5 18. Rfc1 Qe6 19. Qb2 Bh6 20. Bxf6 Bxg2 21. Kxg2
exf6 22. Re1 f5 23. Qc2 Rd4 24. Rab1 Bxd2 25. Qxd2 Qd5+ 26. Kg1 Qd6 27. f4 g5
28. Rf1 Ree4 29. Qe1 Re6 30. fxg5 Rxd3 31. exd3 Rxe1 32. Rfxe1 Qxg3+ 33. Kf1
Qxd3+ 34. Kg2 f4 35. Re8+ Kg7 36. Rh1 Qd5+ 37. Kg1 Qd1+ 38. Kh2 Qc2+ 39. Kg1
Qxa4 40. h4 c5 41. Rd8 Qxb4 0-1

[Event "Reykjavik Open 2015"]
[Site "Reykjavik ISL"]
[Date "2015.03.11"]
[Round "3.35"]
[White "Foisor, Cristina-Adela"]
[Black "Karlsson, Mikael Johann"]
[Result "0-1"]
[WhiteTitle "IM"]
[WhiteElo "2394"]
[BlackElo "2138"]
[WhiteFideId "1200496"]
[BlackFideId "2305194"]
[EventDate "2015.03.10"]

1. c4 c6 2. e4 d5 3. cxd5 cxd5 4. exd5 Nf6 5. Nc3 Nxd5 6. Bc4 Nb6 7. Bb3 Nc6 8.
Nf3 Bf5 9. d4 e6 10. O-O Be7 11. Be3 O-O 12. h3 Nb4 13. Ne5 N4d5 14. Qf3 Nxe3
15. fxe3 Bd6 16. Ng4 Qh4 17. Nf2 Bg6 18. Nfe4 Be7 19. Ng3 Rac8 20. Nce2 Nc4 21.
Bxc4 Rxc4 22. Qxb7 Rb4 23. Qxa7 Bd6 24. Rf3 Rxb2 25. Qa6 Bb8 26. Rc1 h6 27. a4
e5 28. dxe5 Bxe5 29. Nf4 Bh7 30. Rc8 Rb1+ 31. Kh2 Rb8 32. Rxf8+ Rxf8 33. Qb5 Qe7
34. a5 Rb8 35. Qa4 Qb4 36. Qd7 Qb7 37. Qg4 Ra8 38. Rf2 Rxa5 39. Rd2 Ra8 40. Rd7
Qb6 41. Qf3 Rf8 42. Rb7 Qd6 43. Ra7 g5 44. Nfe2 Bg6 45. Ra8 Rxa8 46. Qxa8+ Kg7
47. Qf3 Qd1 48. Qg4 h5 49. Qxg5 f6 50. Nc3 Qd3 51. Qh4 Qxc3 52. Qa4 Qxe3 53. Qh4
Qf2 0-1

[Event "Reykjavik Open 2015"]
[Site "Reykjavik ISL"]
[Date "2015.03.11"]
[Round "3.36"]
[White "L'Ami, Alina"]
[Black "Ingvason, Johann"]
[Result "0-1"]
[WhiteTitle "IM"]
[WhiteElo "2393"]
[BlackElo "2135"]
[WhiteFideId "1210246"]
[BlackFideId "2301431"]
[EventDate "2015.03.10"]

1. d4 d5 2. c4 c6 3. Nf3 Nf6 4. Nc3 e6 5. Bg5 Nbd7 6. e3 Qa5 7. cxd5 exd5 8. Bd3
Ne4 9. O-O Ndf6 10. Nxe4 Nxe4 11. Bh4 Bd6 12. Qc2 O-O 13. Ne5 h6 14. Bxe4 dxe4
15. Nc4 Qc7 16. Nxd6 Qxd6 17. Qxe4 Be6 18. Qc2 Qd5 19. Qa4 Qe4 20. Bg3 Bd5 21.
f3 Qxe3+ 22. Kh1 b5 23. Qd1 a5 24. Re1 Qg5 25. Re5 Qg6 26. Qe1 a4 27. Qe3 Bxa2
28. Qe4 f5 29. Qe3 Bd5 30. Re1 Qf6 31. Qa3 f4 32. Bf2 Rfb8 33. Qb4 Qf8 34. Re7
Ra7 35. Bh4 g5 36. Qd6 Rxe7 37. Rxe7 Bf7 38. Be1 Rb7 39. Bb4 Qxe7 40. Qxe7 Rxe7
41. Bxe7 Bg6 42. Kg1 Kf7 43. Bc5 Ke6 44. Kf2 Kd5 45. Ke2 Kc4 46. Kd2 Kb3 47. Kc1
b4 48. Bf8 h5 49. d5 cxd5 50. Bh6 d4 51. Bg7 Kc4 52. Bf8 g4 53. Bd6 gxf3 54.
gxf3 Kd3 55. Bxb4 Ke2 56. Bd6 Kxf3 57. Kd2 Ke4 58. Bc7 Kf3 59. Be5 Ke4 60. Bc7
Bf7 61. Bd6 Bc4 62. Bc7 h4 63. Bd8 Kf3 64. Bxh4 Kg2 65. Bf6 0-1

[Event "Reykjavik Open 2015"]
[Site "Reykjavik ISL"]
[Date "2015.03.11"]
[Round "3.37"]
[White "Sarkar, Justin"]
[Black "Johannsson, Orn Leo"]
[Result "1/2-1/2"]
[WhiteTitle "IM"]
[WhiteElo "2376"]
[BlackElo "2107"]
[WhiteFideId "2010011"]
[BlackFideId "2303051"]
[EventDate "2015.03.10"]

1. d4 d5 2. c4 c6 3. Nf3 Nf6 4. Nc3 e6 5. Bg5 Nbd7 6. e3 Bd6 7. Qc2 O-O 8. cxd5
cxd5 9. Bd3 h6 10. Bf4 Qe7 11. Bxd6 Qxd6 12. O-O a6 13. Na4 e5 14. dxe5 Nxe5 15.
Nxe5 Qxe5 16. Rac1 Ng4 17. Qc7 Bd7 18. Nb6 Rad8 19. Be2 Bc6 20. Qxe5 Nxe5 21.
Rfd1 Rd6 22. e4 d4 23. Nd5 Bxd5 24. exd5 Rxd5 25. f4 Ng6 26. Rc7 Nxf4 27. Bc4
Rg5 28. Rxd4 Nh3+ 29. Kh1 Nf2+ 30. Kg1 Nh3+ 31. Kh1 Nf2+ 32. Kg1 Nh3+ 1/2-1/2

[Event "Reykjavik Open 2015"]
[Site "Reykjavik ISL"]
[Date "2015.03.11"]
[Round "3.38"]
[White "Kenney, Jason"]
[Black "Khademalsharieh, Sarasadat"]
[Result "0-1"]
[BlackTitle "WGM"]
[WhiteElo "2104"]
[BlackElo "2357"]
[WhiteFideId "2606690"]
[BlackFideId "12512214"]
[EventDate "2015.03.10"]

1. c4 Nf6 2. g3 e6 3. Bg2 d5 4. Nf3 dxc4 5. O-O a6 6. Qc2 Nbd7 7. Na3 Bxa3 8.
bxa3 O-O 9. Qxc4 b5 10. Qc2 Bb7 11. Bb2 c5 12. a4 Qb6 13. axb5 axb5 14. a4 b4
15. d3 Ra7 16. Nd2 Bxg2 17. Kxg2 Rfa8 18. Bxf6 gxf6 19. Nb3 Rxa4 20. Rxa4 Rxa4
21. Rc1 Ra3 22. f3 Qb5 23. Qb2 Kg7 24. Rc4 Ne5 25. Rh4 Qa4 26. Nxc5 Qd1 27. Kf2
Ra1 28. Ke3 Rc1 29. Nxe6+ fxe6 30. Qxb4 Rc7 31. Qd6 Qg1+ 32. Ke4 Qa7 33. Qxe6
Re7 0-1

[Event "Reykjavik Open 2015"]
[Site "Reykjavik ISL"]
[Date "2015.03.11"]
[Round "3.39"]
[White "Djurhuus, Eivind X"]
[Black "Vuilleumier, Alexandre"]
[Result "0-1"]
[BlackTitle "IM"]
[WhiteElo "2077"]
[BlackElo "2349"]
[WhiteFideId "1515721"]
[BlackFideId "1305662"]
[EventDate "2015.03.10"]

1. Nf3 Nf6 2. c4 e6 3. g3 a6 4. Nc3 d5 5. cxd5 exd5 6. d4 c6 7. Bg2 Bd6 8. O-O
O-O 9. Bg5 Nbd7 10. Qd2 Re8 11. Bf4 Nf8 12. Bxd6 Qxd6 13. Ne5 Ng4 14. Nd3 Ne6
15. e3 Ng5 16. h4 Ne4 17. Nxe4 dxe4 18. Nf4 h6 19. Qa5 b6 20. Qxb6 Rb8 21. Qc5
Qxc5 22. dxc5 Rxb2 23. a4 g5 24. hxg5 hxg5 25. Nh3 f6 26. Rab1 Rc2 27. Rfc1
Rxc1+ 28. Rxc1 Ne5 29. Kf1 a5 30. Ng1 Ba6+ 31. Ne2 Nf3 32. Bh3 Rd8 33. Bf5 Rd2
34. Be6+ Kg7 35. Bc4 Bxc4 36. Rxc4 Ra2 37. Nc1 Ra1 38. Kg2 Ne5 39. Nb3 Ra3 40.
Rc3 Nf3 41. g4 Nd2 42. Nxd2 Rxc3 43. Nxe4 Rc4 44. Kf3 Rxa4 45. Nd6 Rb4 0-1

[Event "Reykjavik Open 2015"]
[Site "Reykjavik ISL"]
[Date "2015.03.11"]
[Round "3.40"]
[White "Movsesian, Sergei"]
[Black "Van den Bersselaar, Jeroen"]
[Result "1-0"]
[WhiteTitle "GM"]
[WhiteElo "2665"]
[BlackElo "2083"]
[WhiteFideId "310204"]
[BlackFideId "1006282"]
[EventDate "2015.03.10"]

1. Nf3 Nf6 2. g3 d5 3. Bg2 c6 4. O-O Bf5 5. c4 e6 6. cxd5 exd5 7. d3 Be7 8. Qb3
Qb6 9. Qc2 Nbd7 10. Nc3 h6 11. Be3 Qd8 12. Qb3 b6 13. Qa4 Nc5 14. Bxc5 Bxc5 15.
Ne5 O-O 16. d4 b5 17. Qa6 b4 18. Nxc6 Bc8 19. Qb5 1-0